000 00417nam a2200133Ia 4500
008 191129s9999 xx 000 0 und d
020 _a4806523176408
100 _aGoll, James W.
245 _cJames W. Goll
_aFinding hope:
_brediscovering life after tragedy/
260 _aManila:
_bChurch Strengthening Ministry, Inc.
_c2015
300 _a192 p. ;
_bill. :
_c16 cm.
650 _aencouragement
650 _aInspiration
999 _c362747
_d362747